Plánovanie cieľov podnikateľských subjektov

Problém cieľov predovšetkým z aspektov ich plánovania. Dôležitosť cieľov v manažmente. Typológia cieľov v manažmente. Členenie podnikových cieľov. Systém cieľov podniku, hierarchická štruktúra cieľov. Proces plánovania cieľov podniku. Miesto a postavenie marketingových cieľov. Ciele a odborné vzdelá...

ver descrição completa

Na minha lista:
Detalhes bibliográficos
Autor principal: Grznár, Miroslav
Outros Autores: Šinský, Peter
Formato: Capítulo de Livro
Idioma:eslovaco
Assuntos:
Tags: Adicionar Tag
Sem tags, seja o primeiro a adicionar uma tag!

MARC

LEADER 00000naa$a2200000$$$4500
001 0054675
005 20240502071628.7
041 0 |a slo 
044 |a SK 
245 1 0 |a Plánovanie cieľov podnikateľských subjektov  |c Miroslav Grznár, Peter Šinský 
520 |a Problém cieľov predovšetkým z aspektov ich plánovania. Dôležitosť cieľov v manažmente. Typológia cieľov v manažmente. Členenie podnikových cieľov. Systém cieľov podniku, hierarchická štruktúra cieľov. Proces plánovania cieľov podniku. Miesto a postavenie marketingových cieľov. Ciele a odborné vzdelávanie manažérov. 
610 2 0 |a podnik 
610 2 0 |a ciele podnikové 
610 2 0 |a plánovanie 
610 2 0 |a plánovanie cieľové 
100 1 |a Grznár, Miroslav 
700 1 |a Šinský, Peter